00519nam a2200193 a 4500001001300000003000900013005001700022008004100039020001000080082002000090100002500110245003600135260004500171300000900216500003500225505001000260650003000270700002500300nice12345678IN_TiNIC20260116011607.0050524s1957 lona grp 000 0 eng  ac10000a297.122521bPIC aPickthall, Marmaduke aMeaning of the Glorious Qur`an. aLondonbGeorge Allen and Unwin Ltdc1957 a693p aincludes index and biblioraphy2 aIndex aQuran-Translation-English1 aPickthall, Marmaduke